Možnosti a nástroje digitálneho marketingu
Fenomén digitálneho marketingu ovládol reklamný biznis najmä v posledných rokoch veľmi intenzívne. Informačné a komunikačné technológie sú neoddeliteľnou súčasťou procesu vytvárania globálnej informačnej spoločnosti. V tejto súvislosti je elektronický obchod významným javom globalizácie svetovej eko...
Guardado en:
| Autor principal: | |
|---|---|
| Formato: | Capítulo de libro |
| Lenguaje: | eslovaco |
| Materias: | |
| Etiquetas: |
Sin Etiquetas, Sea el primero en etiquetar este registro!
|
MARC
| LEADER | 00000nla a2200000 4500 | ||
|---|---|---|---|
| 001 | 0198755 | ||
| 005 | 20240502083505.3 | ||
| 041 | 0 | |a slo | |
| 044 | |a CZ | ||
| 245 | 1 | 0 | |a Možnosti a nástroje digitálneho marketingu |c Magdaléna Cárachová |
| 520 | |a Fenomén digitálneho marketingu ovládol reklamný biznis najmä v posledných rokoch veľmi intenzívne. Informačné a komunikačné technológie sú neoddeliteľnou súčasťou procesu vytvárania globálnej informačnej spoločnosti. V tejto súvislosti je elektronický obchod významným javom globalizácie svetovej ekonomiky, je hybnou silou ekonomického rastu v 21. storočí a samozrejme musí byť podporený digitálnym marketingom. Vybrané formy digitálneho marketingu. | ||
| 610 | 2 | 0 | |a komunikácia marketingová |
| 610 | 2 | 0 | |a marketing elektronický |
| 610 | 2 | 0 | |a marketing virálny |
| 100 | 1 | |a Cárachová, Magdaléna | |